McAreavy and another v Coal Authority (Record no. 67883)
[ view plain ]
| 000 -LEADER | |
|---|---|
| fixed length control field | 01656cam a2200265 4500 |
| 001 - CONTROL NUMBER | |
| control field | ABS64303 |
| 008 - FIXED-LENGTH DATA ELEMENTS--GENERAL INFORMATION | |
| fixed length control field | 010803n2001 000 0 eng u |
| 035 ## - SYSTEM CONTROL NUMBER | |
| System control number | (Sirsi) u113924 |
| 245 ## - TITLE STATEMENT | |
| Title | McAreavy and another v Coal Authority |
| 260 ## - PUBLICATION, DISTRIBUTION, ETC. | |
| Date of publication, distribution, etc. | 2001 |
| 490 ## - SERIES STATEMENT | |
| Series statement | Rating and Valuation Reporter |
| Volume/sequential designation | [2001] 135-143(9) |
| 520 ## - SUMMARY, ETC. | |
| Summary, etc. | CA 19 July 1999. C's predecessors mined coal from under M's house. In June 1990 M gave them a valid notice of damage under the Coal Mining (Subsidence) Act 1957 in respect of their property suffering subsidence as a result. In November 1990 C's predecessors accepted partial responsibility of damage due to the effects of recent mining, but denied that its activities caused further more serious damage. In September 1994 M sold the property to a local builder, by which time the left hand gable end wall was damaged. By selling the property in that condition M suffered a loss of depreciation in value of £75,000. The LT held that the damage to the gable wall was caused by the mining. The LT held that under the Coal Mining Subsidence Act 1957 s13(3)(b) the claimants could not secure an award of damages based upon depreciation in value in lieu of the carrying out of remedial work. M appealed. "Held", Appeal allowed. |
| 590 ## - LOCAL NOTE (RLIN) | |
| Local note | ABS |
| 650 ## - SUBJECT ADDED ENTRY--TOPICAL TERM | |
| Topical term or geographic name entry element | SUBSIDENCE |
| 650 ## - SUBJECT ADDED ENTRY--TOPICAL TERM | |
| Topical term or geographic name entry element | MCAREAVEY AND ANOTHER V COAL AUTHORITY |
| 650 ## - SUBJECT ADDED ENTRY--TOPICAL TERM | |
| Topical term or geographic name entry element | DEPRECIATION IN VALUE |
| 650 ## - SUBJECT ADDED ENTRY--TOPICAL TERM | |
| Topical term or geographic name entry element | COAL MINING |
| 650 ## - SUBJECT ADDED ENTRY--TOPICAL TERM | |
| Topical term or geographic name entry element | STRUCTURAL DAMAGE |
| 650 ## - SUBJECT ADDED ENTRY--TOPICAL TERM | |
| Topical term or geographic name entry element | LANDS TRIBUNAL |
| 650 ## - SUBJECT ADDED ENTRY--TOPICAL TERM | |
| Topical term or geographic name entry element | COAL MINING SUBSIDENCE ACT 1957 S13(3)(B) |
| 650 ## - SUBJECT ADDED ENTRY--TOPICAL TERM | |
| Topical term or geographic name entry element | COAL AUTHORITY |
| 650 ## - SUBJECT ADDED ENTRY--TOPICAL TERM | |
| Topical term or geographic name entry element | COMPENSATION |
| 690 ## - LOCAL SUBJECT ADDED ENTRY--TOPICAL TERM (OCLC, RLIN) | |
| Topical term or geographic name as entry element | PROPERTY AND LAND LAW-CASE LAW |
| 942 ## - ADDED ENTRY ELEMENTS (KOHA) | |
| Suppress in OPAC | 0 |
| Withdrawn status | Lost status | Source of classification or shelving scheme | Damaged status | Not for loan | Home library | Current library | Shelving location | Date acquired | Total Checkouts | Full call number | Barcode | Date last seen | Copy number | Price effective from | Koha item type |
|---|---|---|---|---|---|---|---|---|---|---|---|---|---|---|---|
| Dewey Decimal Classification | London | London | Journal article | 03/08/2001 | ABS64303 | 113924-1001 | 06/08/2019 | 1 | 06/08/2019 | Law report |